| 000 | 00352 a2200157 4500 | ||
|---|---|---|---|
| 001 | 12591 | ||
| 020 | _a9788526280359 | ||
| 040 | _cAnchieta - Aquarius | ||
| 100 | _aAnderson, Judith | ||
| 240 | 1 | 0 |
_aEra uma vez uma semente _lpor |
| 245 | 1 | 0 | _aEra uma vez uma semente |
| 300 | _a32 | ||
| 362 | 0 | _a2010 | |
| 650 | 4 | _aLiteratura infantil | |
| 942 | _cBK | ||
| 999 |
_c12591 _d12591 |
||